[Event "Ch World (juniors) (under 20)"]
[Site "masterchessopen.com Istanbul (Turkey)"]
[Date "2005.11.17"]
[Round "8"]
[White "L'Ami Erwin (NED)"]
[Black "Mamedov Nidjat (AZE)"]
[Result "1-0"]
[WhiteElo "2541"]
[BlackElo "2517"]

{ L'ami Erwin (NED) +0 =1 -1 Mamedov Nidjat (AZE) +0 =1 -0 } 1.e4 c5 2.Nf3 d6
3.d4 cxd4 4.Nxd4 Nf6 5.Nc3 Nc6 6.Bg5 e6 7.Qd2 { ?/= } 7...Qb6 ( 7...a6 8.O-O-O
h6 9.Be3 Be7 10.f3 Nxd4 11.Qxd4 b5 12.Kb1 Bb7 13.h4 Rc8 14.Be2 d5 15.exd5 Nxd5
16.Nxd5 Bxd5 17.Qxg7 Bf6 18.Qg4 Bxa2+ 19.Kxa2 Qa5+ 20.Kb1 Bxb2 21.Kxb2 Qc3+
22.Ka2 Qxc2+ 23.Ka1 Qc3+ 24.Ka2 Qc2+ { 1/2-1/2, Kasparov Garry 2851 - Kramnik
Vladimir 2760 , Frankfurt 1999 It (active) (cat.21) } ) ( 7...Be7 8.O-O-O O-O
9.f4 Nxd4 10.Qxd4 Qa5 11.Bc4 Bd7 12.e5 dxe5 13.fxe5 Bc6 14.Bd2 Nd7 15.Nd5 Qd8
16.Nxe7+ Qxe7 17.Rhe1 Rfd8 18.Qg4 Nf8 19.Bd3 Rxd3 20.cxd3 Qd7 21.Bb4 Ng6
22.Bd6 f5 23.Qg5 Bd5 24.b3 Qc6+ 25.Kb2 Qb6 26.g3 Qd4+ 27.Kb1 { ...1/2-1/2,
Svidler Peter 2710 - Anand Viswanathan 2795 , Linares 1998 It (cat.21) } ) (
7...Nxd4 8.Qxd4 Bd7 9.Nb5 Qb8 10.O-O-O a6 11.Nxd6+ Bxd6 12.Bxf6 Bf4+ 13.Kb1
gxf6 14.Qxd7+ Kf8 15.g3 Bc7 16.Bh3 b5 17.Qc6 Ra7 18.Bxe6 fxe6 19.Qxe6 Bd8
20.Rd6 Be7 21.Rhd1 Rg8 22.Rxa6 Rxa6 23.Qxa6 Kf7 24.a4 bxa4 25.Qc4+ Kf8 26.Qxa4
Rg5 27.Rd5 { ...0-1, Ivanchuk Vassily 2720 - Salov Valery 2655 , Linares 1992
It } ) 8.O-O-O Qxd4 ( 8...Be7 9.Be2 a6 10.f4 Qxd4 11.Qxd4 Nxd4 12.Rxd4 Bd7
13.Bf3 Bc6 14.Rhd1 h6 15.Bh4 g5 16.fxg5 Nd7 17.Nd5 hxg5 18.Nxe7 Rxh4 19.Nxc6
bxc6 20.Rxd6 Ne5 21.h3 Ke7 22.R6d4 c5 23.Ra4 Nxf3 24.gxf3 Rxh3 25.Rd3 Rd8
26.Raa3 Rxd3 27.Rxd3 Kf6 28.Kd2 { ...0-1, Kurnosov Igor 2550 - Motylev
Alexander 2680 , Warsaw 27. 6.2005 Ch Europe } ) ( 8...a6 9.Bxf6 gxf6 10.Nb3
Bd7 11.f4 O-O-O 12.Kb1 Kb8 13.Be2 h5 14.Rhf1 Na5 15.Rf3 Nxb3 16.axb3 Qc5
17.Rh3 Bc6 18.Bxh5 Rh7 19.g4 Be7 20.Rd3 b5 21.Rd4 Rc8 22.b4 Qb6 23.Re1 Bb7
24.h3 Rc4 25.Rxc4 bxc4 26.Nd1 d5 27.exd5 Bxb4 28.c3 { ...0-1, Firman Nazar
2471 - Miroshnichenko Evgenij 2628 , Sochi 20. 4.2005 Ch Russia (club) (high
league) } ) 9.Qxd4 Nxd4 10.Rxd4 a6 11.Be2 ( 11.f3 Bd7 12.Na4 Bc6 13.Nb6 Rd8
14.Nc4 Be7 15.Na5 Rc8 16.Rb4 d5 17.Nxc6 bxc6 18.Rb7 Nd7 19.Bd2 Ra8 20.Rc7 Ne5
21.Bc3 Bd6 22.Bxe5 Bxe5 23.Rxc6 dxe4 24.Rxa6 Rxa6 25.Bxa6 exf3 26.gxf3 Ke7
27.a4 Rd8 28.h3 Rd4 29.Bb5 Rf4 30.Rd1 Rxf3 { ...1-0, Kasparov Garry 2847 -
Mchedlishvili Mikheil 2566 , Bled 2002 Olympiad } ) ( 11.Bxf6 gxf6 12.Na4 Rg8
13.Nb6 Rb8 14.g3 Rg5 15.Bg2 Bd7 16.Nc4 Bc6 17.Nxd6+ Bxd6 18.Rxd6 Ra5 19.Kb1 f5
20.Re1 Ke7 21.Rd2 Rg8 22.Rd4 h5 23.Bh1 fxe4 24.Bxe4 Re5 25.Re3 h4 26.Bxc6 Rxe3
27.fxe3 hxg3 28.Rd7+ Kf6 29.Bxb7 g2 30.Bxg2 Rxg2 { ...1-0, Yemelin Vasily 2490
- Shushpanov Rustam 2460 , Tomsk 2001 Ch Russia (club) } ) 11...Bd7 12.Rhd1 (
12.f4 Bc6 13.Bf3 Nd7 14.Re1 Rc8 15.Kb1 h6 16.Bh4 b6 17.Rd2 b5 18.Ne2 g5
19.fxg5 Be7 20.Bg3 hxg5 21.Nd4 Ba8 22.Nb3 Ne5 23.Bxe5 dxe5 24.h3 a5 25.a3 b4
26.a4 Bd8 27.Nc1 Bb6 28.b3 Ke7 29.Ne2 Rcd8 30.Rxd8 Rxd8 31.Nc1 Bb7 { ...0-1,
Singh Gurpreetpal 2341 - Kotsur Pavel 2598 , Lucknow 4.10.2004 It (open) } ) (
12.a4 Rc8 13.Rhd1 Be7 14.Bh4 Bc6 15.b4 d5 16.e5 Ng8 17.b5 axb5 18.axb5 Bd7
19.Ne4 Ba3+ 20.Kb1 Ne7 21.Ra4 dxe4 22.Rxa3 Nd5 23.c4 Nf4 24.Bf1 Ng6 25.Bg3 Rc5
26.Rd4 Ke7 27.Rxe4 Rhc8 28.Rb3 Rd8 29.f4 Bxb5 30.Be2 Rdc8 { 1-0, Bratanov
Zsivko 2393 - Berthelot Yannick 2311 , Nantes 30.12.2002 It (open) } ) (
12.Na4 Bc6 13.Nb6 Rd8 14.f3 Be7 15.Rhd1 h6 16.Bh4 d5 17.e5 Bc5 18.exf6 g5
19.Bg3 Bxb6 20.Rb4 Bc5 21.Rb3 Bd6 22.Bxd6 Rxd6 23.c4 Rg8 24.c5 Rd8 25.Rb6 Kd7
26.b4 Kc7 27.Bd3 g4 28.f4 g3 29.h3 d4 30.Rd2 Rge8 31.Re2 h5 { ...1/2-1/2,
Guseinov Gadir 2552 - Timofeev Artyom 2611 , Istanbul 2003 Ch Europe } )
12...Bc6 13.f4 ( 13.a4 { 1/2-1/2, Twyble Michael 2238 - Law Andrew P 2320 ,
England 2002 Ch England (team) 2001/02 } ) ( 13.f3 Be7 14.Kb1 Rd8 15.Bh4 h5
16.R4d2 Nxe4 17.Nxe4 Bxh4 18.Nxd6+ Ke7 19.Nc4 Rxd2 20.Rxd2 Bg5 21.Rd1 Bb5
22.b3 Bf4 23.h3 Bc7 24.c3 h4 25.Kc2 Bc6 26.a4 f5 27.Bd3 Kf6 28.Re1 Re8 29.Ne3
Kg5 30.Nf1 Kf4 31.Bc4 e5 32.Ne3 Rd8 { ...0-1, Teran Alvarez Ismael 2431 -
Damljanovic Branko 2578 , Lanzarote 2003 Ch Spain (team) } ) ( 13.Bh4 { +0.85
CAP } ) 13...Nd7 { +0.89 CAP } ( 13...Be7 14.Bf3 h6 15.Bxf6 gxf6 16.Bh5 (
16.Be2 { +0.22 CAP } ) 16...Rg8 17.g3 b5 18.Rxd6 Bxd6 19.Rxd6 Bd7 20.Bxf7+ Ke7
21.Rxd7+ Kxd7 22.Bxg8 Rxg8 23.Kd2 h5 24.Ne2 h4 25.a3 hxg3 26.hxg3 Rh8 27.Kd3
Rh2 28.Kd2 Kd6 29.Kd3 Rf2 30.Ke3 Rf1 31.Kd2 Kc5 32.Kd3 a5 33.Kc3 { ...0-1,
Brkic Ante 2454 - Dydyshko Viacheslav 2581 , Calvia 25.10.2004 Olympiad } )
14.Nd5 { N } ( 14.Bg4 h6 15.Bh4 g5 16.fxg5 Ne5 17.Be2 Be7 18.Bg3 hxg5 19.a4
Ng6 20.Rc4 Rd8 21.b4 Nf4 22.Bf3 Rc8 23.Kb2 Bf6 24.Ka3 b5 25.axb5 axb5 26.Rxc6
Rxc6 27.Nxb5 Rxc2 28.Nxd6+ Ke7 29.b5 Be5 { 0-1, Cox Tristan 2057 - Rowson
Jonathan 2577 , Coventry 18. 4.2004 It (open) } ) ( 14.a4 h6 15.Bh4 g5 16.fxg5
hxg5 17.Bg3 Ne5 18.b4 f6 19.b5 Bd7 20.Kb2 Be7 21.Nb1 axb5 22.axb5 Kf7 23.Nd2
Rhc8 24.Nc4 Nxc4+ 25.Bxc4 Ra5 26.Be1 Rxb5+ 27.Bxb5 Bxb5 28.Bb4 e5 29.R4d2 Rc4
30.Bxd6 Rxe4 31.Bxe7 Kxe7 32.Rd6 Rh4 33.h3 Bc6 { ...0-1, Serjakov Dmitry 2287
- Olenin Nikolay 2416 , Tula 2003 Ch Russia (1/2 final) } ) 14...Rc8 15.Nb4 h6
16.Bh4 g5 17.fxg5 { ?! } ( 17.Nxc6 Rxc6 18.fxg5 hxg5 19.Bg3 { } ) 17...hxg5
18.Bg3 e5 19.Nxc6 exd4 20.Nxd4 Nf6 21.e5 Ne4 22.Bg4 Rc4 23.e6 fxe6 24.Bxe6 Rc7
25.Nf5 Rc5 26.Bd5 Nf6 { ? } ( { ? } 26...Nxg3 27.Nxg3 Rxh2 28.Bxb7 Ra5 { } )
27.Be6 { ? } ( { ? } 27.Re1+ Kd7 28.Be6+ Kc7 29.b4 { } ) 27...Ne4 28.Bd5 Nf6 {
? } ( { ? } 28...Nxg3 29.Nxg3 Rxh2 30.Bxb7 Ra5 { } ) 29.Re1+ Kd7 30.Be6+ Kc7
31.b4 Rc3 { ? } ( { ? } 31...Rb5 32.c3 Nh5 33.a4 Nxg3 { } ) 32.Bf2 { } {#r}
1-0

[Event "Ch England (team) 2005/06"]
[Site "masterchessopen.com England"]
[Date "2005.11.19"]
[Round "3"]
[White "Hodgson John H (ENG)"]
[Black "Muir Andrew J (SCO)"]
[Result "0-1"]
[WhiteElo "2217"]
[BlackElo "2325"]

1.e4 c5 2.Nf3 d6 3.d4 cxd4 4.Nxd4 Nf6 5.Nc3 Nc6 6.Bg5 e6 7.Qd2 Be7 8.O-O-O O-O
9.Nb3 Qb6 10.f3 a6 11.h4 Rd8 12.h5 Qc7 13.h6 g6 14.Qf4 Ne8 15.Bxe7 Nxe7 16.e5
d5 17.Qe3 Nf5 18.Qg5 Bd7 19.g4 Ng3 20.Rg1 Nxf1 21.Rgxf1 b5 22.Ne2 b4 23.Ng3 f6
24.Qh4 Rac8 25.Rd2 Qxe5 26.f4 Qe3 27.g5 Bb5 28.Rd1 Rc4 29.Ne2 Nd6 30.gxf6 Rdc8
31.Kb1 Ne4 32.f7+ Kxf7 {#R} 0-1

[Event "It (open) \"]
[Site "masterchessopen.com Philadelphia (USA)"]
[Date "2005.11.25"]
[Round "2"]
[White "Rouleau John S (USA)"]
[Black "Paschall William M (USA)"]
[Result "1-0"]
[WhiteElo "2264"]
[BlackElo "2394"]

1.e4 c5 2.Nf3 Nc6 3.d4 cxd4 4.Nxd4 Nf6 5.Nc3 d6 6.Bg5 e6 7.Qd2 Qb6 8.Nb3 Be7
9.Be2 O-O 10.Be3 Qc7 11.O-O-O a6 12.g4 b5 13.g5 Nd7 14.a3 Nb6 15.f4 Rb8
16.Rdf1 Re8 17.Nd4 Bf8 18.Rhg1 b4 19.axb4 Nxb4 20.g6 fxg6 21.f5 exf5 22.exf5
Nc4 23.Bxc4+ Qxc4 24.fxg6 hxg6 25.Qg2 Na2+ 26.Kd2 Rxb2 27.Nd5 Nb4 28.Nf6+ Kh8
29.Qxg6 {#r} 1-0

[Event "Ch Europe (active)"]
[Site "masterchessopen.com Warsaw (Poland)"]
[Date "2005.12.18"]
[Round "12"]
[White "Sulskis Sarunas (LTU)"]
[Black "Balogh Csaba (HUN)"]
[Result "1-0"]
[WhiteElo "2504"]
[BlackElo "2567"]

1.e4 c5 2.Nf3 d6 3.d4 cxd4 4.Nxd4 Nf6 5.Nc3 Nc6 6.Bg5 e6 7.Qd2 Be7 8.O-O-O Qb6
9.Bxf6 gxf6 10.Ndb5 O-O 11.Qh6 Kh8 12.Rd3 Rg8 13.Nxd6 Ne5 14.Rh3 {#r} 1-0

[Event "Ch France (team) (nat.2) 2005/06"]
[Site "masterchessopen.com France"]
[Date "2006.01.14"]
[Round "5"]
[White "Lamorelle Julien (FRA)"]
[Black "Danet Brieuc (FRA)"]
[Result "1-0"]
[WhiteElo "2180"]
[BlackElo "2093"]

1.e4 c5 2.Nf3 Nc6 3.d4 cxd4 4.Nxd4 Nf6 5.Nc3 d6 6.Bg5 e6 7.Qd2 Be7 8.O-O-O O-O
9.Nb3 a6 10.Bxf6 Bxf6 11.Qxd6 Bxc3 12.bxc3 Qf6 13.Qg3 e5 14.Bc4 Be6 15.Bxe6
Qxe6 16.Rd5 Rfd8 17.Rhd1 Qe7 18.Kb2 b5 19.Qe3 Rab8 20.Qc5 Qxc5 21.Nxc5 Re8
22.Nxa6 Rb6 23.Nc7 Reb8 24.Rd6 Kf8 25.Nd5 Ra6 {#r} 1-0

[Event "Ch Slovakia (team) 2005/06"]
[Site "masterchessopen.com Slovakia"]
[Date "2006.02.19"]
[Round "11"]
[White "Michalik Peter (SVK)"]
[Black "Mrva Martin (SVK)"]
[Result "0-1"]
[WhiteElo "2327"]
[BlackElo "2485"]

1.e4 c5 2.Nf3 d6 3.d4 cxd4 4.Nxd4 Nf6 5.Nc3 Nc6 6.Bg5 e6 7.Qd2 Qb6 8.O-O-O a6
9.f3 Be7 10.Bxf6 gxf6 11.Nde2 Ne5 12.Ng3 h5 13.h4 Bd7 {#R} 0-1

[Event "Ch Russia (juniors) (under 16) (g)"]
[Site "masterchessopen.com Dagomys (Russia)"]
[Round "7"]
[White "Fastova Tatiana (RUS)"]
[Black "Gvilava Maya (RUS)"]
[Result "0-1"]
[WhiteElo "2009"]
[BlackElo "2098"]

1.e4 c5 2.Nf3 Nc6 3.d4 cxd4 4.Nxd4 Nf6 5.Nc3 d6 6.Bg5 e6 7.Qd2 Qb6 8.Nb3 Be7
9.O-O-O O-O 10.f3 Rd8 11.Nb5 Rd7 12.Be3 Qd8 13.N5d4 d5 14.Nxc6 bxc6 15.e5 Ne8
16.Qc3 Qc7 17.Na5 c5 18.Bb5 d4 19.Bxd4 cxd4 20.Qxc7 Nxc7 21.Bxd7 Bxd7 22.Rxd4
Be8 23.Rhd1 Nd5 24.Nc4 Bc5 25.Re4 Rb8 26.Rd3 Nb4 27.Ra3 Bc6 28.Rh4 Bd5 29.Kb1
Be7 30.Rf4 g5 {#R} 0-1

[Event "Ch Russia (juniors) (under 16) (g)"]
[Site "masterchessopen.com Dagomys (Russia)"]
[Round "4"]
[White "Shlakich Anna (RUS)"]
[Black "Gvilava Maya (RUS)"]
[Result "1-0"]
[WhiteElo "2105"]
[BlackElo "2098"]

1.e4 c5 2.Nf3 Nc6 3.d4 cxd4 4.Nxd4 Nf6 5.Nc3 d6 6.Bg5 e6 7.Qd2 Qb6 8.Nb3 Be7
9.f3 O-O 10.g4 Rd8 11.Be3 Qc7 12.g5 Nd7 13.O-O-O a6 14.h4 Nce5 15.f4 Nc4
16.Bxc4 Qxc4 17.Qg2 b5 18.g6 fxg6 19.h5 Bb7 20.Na5 Qc7 21.Nxb7 Qxb7 22.hxg6 h6
23.Qg4 Nf8 24.f5 b4 25.Ne2 e5 26.Ng3 Rac8 27.Kb1 Nd7 28.f6 Nxf6 29.Qe6+ {#r}
1-0

[Event "It (open)"]
[Site "masterchessopen.com Deizisau (Germany)"]
[Round "3"]
[White "Spoelman Wouter (NED)"]
[Black "Gelashvili Tamaz (GEO)"]
[Result "0-1"]
[WhiteElo "2450"]
[BlackElo "2605"]

1.e4 c5 2.Nf3 d6 3.d4 cxd4 4.Nxd4 Nf6 5.Nc3 Nc6 6.Bg5 e6 7.Qd2 Be7 8.O-O-O
Nxd4 9.Qxd4 a6 10.h4 h6 11.Be3 Qc7 12.f3 b5 13.Kb1 Bb7 14.Qd2 Rc8 15.Bd3 Nd7
16.g4 Ne5 17.Qg2 b4 18.Ne2 d5 19.Nf4 dxe4 20.fxe4 Nc4 21.Bc1 Bf6 22.g5 Bxb2
23.Bxb2 Nxb2 24.Rdf1 Qe5 25.Qf2 Na4 26.Kc1 Rc7 27.gxh6 Rxh6 28.Qa7 Rf6 29.Qb8+
Ke7 30.Bc4 Qa1+ {#R} 0-1

[Event "It \"]
[Site "masterchessopen.com Werther (Germany)"]
[Date "2006.04.08"]
[Round "4"]
[White "Bejaoui Anis (TUN)"]
[Black "Gelashvili Tamaz (GEO)"]
[Result "0-1"]
[WhiteElo "2145"]
[BlackElo "2605"]

1.e4 c5 2.Nf3 d6 3.d4 cxd4 4.Nxd4 Nf6 5.Nc3 Nc6 6.Bg5 e6 7.Qd2 Be7 8.O-O-O
Nxd4 9.Qxd4 a6 10.Bxf6 gxf6 11.f4 b5 12.f5 Qa5 13.Kb1 b4 14.Ne2 e5 15.Qe3 Bb7
16.c4 h5 17.h4 Qc5 18.Qf3 a5 19.Ng3 a4 20.Bd3 a3 21.b3 O-O-O 22.Rd2 Rdg8
23.Nxh5 Rh6 24.g4 Bf8 25.Nxf6 Rxf6 26.g5 Bh6 27.Rg2 Qd4 28.Rhh2 Kc7 29.gxf6
Be3 30.Qe2 Bxe4 31.Bxe4 Qxe4+ 32.Qc2 Qf3 33.Qd3 Rxg2 {#R} 0-1

[Event "Cup Radegast (open)"]
[Site "masterchessopen.com Frydek-Mistek (Czech Republic)"]
[Date "2006.04.14"]
[Round "3"]
[White "Krzyzanowski Marcin (POL)"]
[Black "Nemeth Miklos (HUN)"]
[Result "0-1"]
[WhiteElo "2202"]
[BlackElo "2413"]

1.e4 c5 2.Nf3 Nc6 3.d4 cxd4 4.Nxd4 Nf6 5.Nc3 d6 6.Bg5 e6 7.Qd2 Qb6 8.O-O-O a6
9.f4 Nxd4 10.Qxd4 Qxd4 11.Rxd4 Be7 12.Be2 b5 13.Bf3 Bb7 14.Re1 h6 15.Bxf6 gxf6
16.a4 bxa4 17.Nxa4 Rb8 18.c4 O-O 19.f5 Rfc8 20.fxe6 fxe6 21.Bg4 f5 22.exf5 Bf6
23.Nb6 Bxd4 24.Nxc8 Rxc8 25.fxe6 Be5 26.Bh5 Rxc4+ 27.Kb1 Kf8 28.b3 Be4+ 29.Ka2
Rc2+ 30.Ka3 Bb2+ 31.Ka4 Bc6+ {#R} 0-1

[Event "Ch Russia (club)"]
[Site "masterchessopen.com Sochi (Russia)"]
[Date "2006.04.26"]
[Round "7"]
[White "Motylev Alexander (RUS)"]
[Black "Iskusnyh Sergei (RUS)"]
[Result "1-0"]
[WhiteElo "2662"]
[BlackElo "2520"]

1.e4 c5 2.Nf3 d6 3.d4 cxd4 4.Nxd4 Nf6 5.Nc3 Nc6 6.Bg5 e6 7.Qd2 Be7 8.O-O-O Qb6
9.Ndb5 O-O 10.Qe1 a6 { ?! } ( 10...Qc5 { !? } ) 11.Nxd6 Ne5 { ?! } ( 11...Rd8
{ !? } ) 12.Nc4 Nxc4 13.Bxc4 Qc5 14.e5 { ?! } ( 14.Bxf6 { !? } ) 14...Qxc4
15.exf6 Bxf6 16.Bxf6 Qf4+ 17.Qe3 Qxf6 { ?! } ( 17...Qxe3+ { !? } ) 18.Rd6 { ?!
} ( 18.h4 { !? } 18...b5 19.Ne4 Qf5 20.f3 Qe5 { } ) 18...b5 { ?! } ( 18...Rd8
{ !? } ) 19.Nd5 Qh4 20.g3 Qa4 { ? } ( 20...Qh5 21.Ne7+ Kh8 22.Rhd1 Bb7 23.h4
a5 24.Rd7 Rab8 25.R1d6 b4 26.Kb1 { } ) 21.Nf6+ Kh8 22.Rd4 Qxa2 23.Rh4 Qa1+
24.Kd2 Qa5+ 25.Ke2 { } {#r} 1-0

[Event "Cup North Sea (open)"]
[Site "masterchessopen.com Esbjerg (Denmark)"]
[Date "2006.07.09"]
[Round "3"]
[White "Feuerstack Aljoscha (GER)"]
[Black "Akdag Dara (DEN)"]
[Result "1-0"]
[WhiteElo "2358"]
[BlackElo "1989"]

1.e4 c5 2.Nf3 Nc6 3.d4 cxd4 4.Nxd4 Nf6 5.Nc3 d6 6.Bg5 e6 7.Qd2 Be7 8.O-O-O h6
9.Bxf6 gxf6 10.Ndb5 a6 11.Nxd6+ Bxd6 12.Qxd6 Qxd6 13.Rxd6 Ke7 14.Rd2 b5 15.Be2
Rg8 16.g3 Rd8 17.Rxd8 Nxd8 18.Re1 Nc6 19.Nd1 b4 20.Ne3 a5 21.Bb5 Ne5 22.Rd1 a4
23.Rd4 b3 24.a3 {#r} 1-0

[Event "It (open)"]
[Site "masterchessopen.com Gent (Belgium)"]
[Date "2006.07.15"]
[Round "2"]
[White "Snuverink Michiel (NED)"]
[Black "Bagaturov Giorgi (GEO)"]
[Result "0-1"]
[WhiteElo "1883"]
[BlackElo "2472"]

1.e4 c5 2.Nf3 Nc6 3.d4 cxd4 4.Nxd4 Nf6 5.Nc3 d6 6.Bg5 e6 7.Qd2 Be7 8.f4 h6
9.Bxf6 Bxf6 10.Nxc6 bxc6 11.O-O-O d5 12.e5 Be7 13.g4 Rb8 14.Kb1 Qa5 15.Ne2 Qb6
16.b3 a5 17.Nc1 a4 18.h4 axb3 19.cxb3 h5 20.gxh5 Rxh5 21.Be2 Rxh4 22.Rxh4 Bxh4
23.Qd3 Be7 24.Qh7 Bf8 25.Rh1 Qe3 26.Qh4 Rb4 27.Rf1 Qxe5 28.Bd3 Qf6 29.Qf2 g6
{#R} 0-1

[Event "Memorial Izmailov (open)"]
[Site "masterchessopen.com Tomsk (Russia)"]
[Date "2006.07.19"]
[Round "8"]
[White "Somkin Evgeni (RUS)"]
[Black "Yakovich Yuri (RUS)"]
[Result "0-1"]
[WhiteElo "2377"]
[BlackElo "2576"]

1.e4 c5 2.Nf3 Nc6 3.d4 cxd4 4.Nxd4 Nf6 5.Nc3 d6 6.Bg5 e6 7.Qd2 Qb6 8.Nb3 Be7
9.O-O-O O-O 10.h4 Rd8 11.Rh3 a6 12.h5 Qc7 13.h6 g6 14.Rf3 Ne8 15.Bxe7 Qxe7
16.Nd4 Nxd4 17.Qxd4 e5 18.Nd5 Qf8 19.Qe3 Bg4 20.Bc4 Bxf3 21.gxf3 Rac8 22.Bb3
Nc7 23.Rh1 Nxd5 24.Bxd5 Qe7 25.Kb1 Rc7 26.Qb6 Rdc8 27.c3 Rd7 28.Qa7 Qf6 29.Rh3
Qg5 30.a3 Qg2 31.Rg3 Qh1+ 32.Ka2 Qxh6 33.Bxb7 Qd2 {#R} 0-1

[Event "It (open)"]
[Site "masterchessopen.com Pardubice (Czech Republic)"]
[Date "2006.07.29"]
[Round "9"]
[White "Smirnov Igor (UKR)"]
[Black "Lyanguzov Oleg (RUS)"]
[Result "1-0"]
[WhiteElo "2439"]
[BlackElo "2337"]

1.e4 c5 2.Nf3 d6 3.d4 cxd4 4.Nxd4 Nf6 5.Nc3 Nc6 6.Bg5 e6 7.Qd2 Be7 8.O-O-O
Nxd4 9.Qxd4 a6 10.h4 b5 11.e5 dxe5 12.Qxe5 Qb6 13.Ne4 Nxe4 14.Bxe7 Bb7 15.Bb4
f6 16.Qh5+ g6 17.Qh6 Bd5 18.Bd3 O-O-O 19.Bxe4 Bxe4 20.f3 Bd5 21.Qg7 Qe3+
22.Bd2 Qd4 23.Bg5 Qa4 24.Qxf6 Qxa2 25.Qc3+ Bc4 26.b3 Qa3+ 27.Kb1 {#r} 1-0

[Event "US Chess League"]
[Site "masterchessopen.com Internet"]
[Date "2006.09.20"]
[Round "4"]
[White "Milman Lev (USA)"]
[Black "Charbonneau Pascal (CAN)"]
[Result "0-1"]
[WhiteElo "2463"]
[BlackElo "2501"]

{ } 1.e4 c5 2.Nf3 d6 3.d4 cxd4 4.Nxd4 Nf6 5.Nc3 Nc6 6.Bg5 e6 7.Qd2 { ?/= }
7...Qb6 ( 7...Be7 8.O-O-O Nxd4 9.Qxd4 a6 10.Kb1 O-O 11.e5 dxe5 12.Qxe5 Bd7
13.Bd3 Qb8 14.Bxf6 Bxf6 15.Qxb8 Raxb8 16.Bxh7+ Kxh7 17.Rxd7 Bxc3 18.bxc3 Kg6
19.Rhd1 f5 20.Re7 Kf6 21.Rdd7 g5 22.Rxb7 Rxb7+ 23.Rxb7 g4 24.c4 Rc8 25.Ra7
Rxc4 26.Rxa6 Rf4 27.a4 { ...0-1, Gurevich Ilya 2580 - Kasparov Garry 2815 ,
Internet 1. 7.1998 Blitz } ) ( 7...a6 8.O-O-O h6 9.Be3 Be7 10.f3 Nxd4 11.Qxd4
b5 12.Kb1 Bb7 13.h4 Rc8 14.Be2 d5 15.exd5 Nxd5 16.Nxd5 Bxd5 17.Qxg7 Bf6 18.Qg4
Bxa2+ 19.Kxa2 Qa5+ 20.Kb1 Bxb2 21.Kxb2 Qc3+ 22.Ka2 Qxc2+ 23.Ka1 Qc3+ 24.Ka2
Qc2+ { 1/2-1/2, Kasparov Garry 2851 - Kramnik Vladimir 2760 , Frankfurt 1999
It (active) (cat.21) } ) ( 7...Nxd4 8.Qxd4 Bd7 9.Nb5 Qb8 10.O-O-O a6 11.Nxd6+
Bxd6 12.Bxf6 Bf4+ 13.Kb1 gxf6 14.Qxd7+ Kf8 15.g3 Bc7 16.Bh3 b5 17.Qc6 Ra7
18.Bxe6 fxe6 19.Qxe6 Bd8 20.Rd6 Be7 21.Rhd1 Rg8 22.Rxa6 Rxa6 23.Qxa6 Kf7 24.a4
bxa4 25.Qc4+ Kf8 26.Qxa4 Rg5 27.Rd5 { ...0-1, Ivanchuk Vassily 2720 - Salov
Valery 2655 , Linares 1992 It } ) 8.Be3 Ng4 ( 8...Qxb2 9.Rb1 Qa3 10.Bb5 Bd7
11.O-O Qa5 12.Be2 Nxd4 13.Qxd4 Bc6 14.Nb5 a6 15.Nxd6+ Bxd6 16.Qxd6 Nxe4 17.Qd1
O-O 18.Bc4 Qc3 19.Bd3 Rad8 20.Qh5 Nf6 21.Qh4 Rxd3 22.cxd3 Qxd3 23.Rfd1 Qg6
24.Qg5 Nd5 25.Qxg6 hxg6 26.Bd2 e5 27.Re1 f6 28.h4 { ...1/2-1/2, Sivokho Sergey
2469 - Ionov Sergey 2542 , St. Petersburg 2000 Ch St. Petersburg } ) 9.Na4 {
+0.07 CAP } 9...Qd8 { N } ( 9...Qb4 10.Qxb4 Nxb4 11.Bb5+ Bd7 12.Bxd7+ Kxd7
13.Bd2 d5 14.exd5 e5 15.O-O-O Nxf2 16.Rhf1 Nxa2+ 17.Kb1 Nxd1 18.Nb5 Nb4
19.Rxd1 b6 20.d6 Kc6 21.c4 a6 22.Nc7 Bxd6 23.Nxa8 Rxa8 24.Bc3 Bc5 25.Bxe5 f6
26.Bc3 Re8 27.b3 Re2 28.Rd2 Rxd2 29.Bxd2 { ...0-1, Yeo Michael J 2200 -
Zagrebelny Sergey 2513 , Barcelona 31. 8.2005 It "Sants open" } ) 10.Bg5 Nf6
11.f3 Be7 12.Be3 d5 13.Nxc6 bxc6 14.Qc3 dxe4 15.fxe4 O-O 16.Bd3 Ng4 17.Bd4 e5
18.Bc5 Bxc5 19.Qxc5 Qh4+ 20.g3 Qh6 21.Be2 { ?! } ( 21.Nc3 { !? } 21...Rd8
22.Ne2 Nxh2 23.Qf2 Ng4 24.Rxh6 Nxf2 25.Rxc6 Nxd3+ 26.cxd3 Rxd3 27.Rd1 Rxd1+ {
} ) 21...Ne3 22.Bd3 Bh3 23.Kd2 Nc4+ 24.Kc3 Qd2+ { } {#R} 0-1

[Event "It (open)"]
[Site "masterchessopen.com Winterthur (Switzerland)"]
[Date "2006.10.14"]
[Round "9"]
[White "Klein Gernot Dr (GER)"]
[Black "Armbrust Florian (GER)"]
[Result "0-1"]
[WhiteElo "1975"]
[BlackElo "2252"]

1.e4 c5 2.Nf3 d6 3.d4 cxd4 4.Nxd4 Nf6 5.Nc3 Nc6 6.Bg5 e6 7.Qd2 Be7 8.O-O-O
Nxd4 9.Qxd4 O-O 10.f3 a6 11.h4 Qc7 12.h5 h6 13.Bh4 b5 14.g4 b4 15.Ne2 Bb7
16.g5 Rac8 17.Rd2 hxg5 18.Bxg5 b3 19.axb3 Nxe4 20.h6 e5 21.hxg7 exd4
22.gxf8=Q+ Kxf8 23.Bh6+ Ke8 24.fxe4 Bxe4 25.Rg1 Bf6 26.Bh3 Rb8 27.Rg8+ Ke7
28.Rxb8 Qxb8 29.Nxd4 Qh8 30.Bf5 Qxh6 31.Bxe4 Bxd4 32.Kd1 Bxb2 33.Re2 Qc1# 0-1

[Event "It (open)"]
[Site "masterchessopen.com Chartres (France)"]
[Date "2006.11.02"]
[Round "6"]
[White "Duke Nigel (FRA)"]
[Black "Delgrande Jacques"]
[Result "1-0"]
[WhiteElo "1697"]
[BlackElo "1480"]

1.e4 c5 2.Nf3 d6 3.d4 cxd4 4.Nxd4 Nc6 5.Nc3 Nf6 6.Bg5 e6 7.Qd2 Bd7 8.O-O-O Be7
9.f3 Rc8 10.Ndb5 d5 11.Bxf6 gxf6 12.exd5 Ne5 13.dxe6 fxe6 14.Nd6+ Bxd6 15.Qxd6
Rc6 16.Qa3 a6 17.Ne4 Nf7 18.Nc5 Qc7 19.Nxd7 Rxc2+ 20.Kb1 Rc1+ 21.Rxc1 Qxd7
22.Qc3 Ke7 23.Qc7 Ne5 24.Qxd7+ Kxd7 25.f4 Nc6 26.g3 Re8 27.Bg2 Na5 {#r} 1-0

[Event "Ch Bulgaria (team) (juniors) (under 18)"]
[Site "masterchessopen.com Razgrad (Bulgaria)"]
[Date "2006.11.11"]
[Round "6"]
[White "Velkov Mitko (BUL)"]
[Black "Janev Pavel (BUL)"]
[Result "1-0"]
[WhiteElo "2040"]
[BlackElo "2047"]

1.e4 c5 2.Nf3 Nc6 3.d4 cxd4 4.Nxd4 Nf6 5.Nc3 d6 6.Bg5 e6 7.Qd2 Be7 8.f3 O-O
9.O-O-O d5 10.exd5 Nxd5 11.Nxc6 bxc6 12.Bxe7 Qxe7 13.Na4 Nb6 14.Qa5 Nxa4
15.Qxa4 Rb8 16.Qxc6 Qf6 17.Qc3 e5 18.Bc4 Bf5 19.g4 Bg6 20.Kb1 Rfc8 21.b3 a5
22.Rd5 a4 23.Re1 axb3 24.axb3 h6 25.Rexe5 Qf4 26.Rc5 Rxc5 27.Rxc5 Qxh2 28.Bd5
Kh7 29.Rc7 Qf4 30.Rc8 {#r} 1-0

[Event "It (open)"]
[Site "masterchessopen.com Piestany (Slovakia)"]
[Date "2006.11.18"]
[Round "6"]
[White "Borik Juraj (SVK)"]
[Black "Lanc Alois (SVK)"]
[Result "0-1"]
[WhiteElo "2198"]
[BlackElo "2365"]

1.e4 c5 2.Nf3 Nc6 3.d4 cxd4 4.Nxd4 Nf6 5.Nc3 d6 6.Bg5 e6 7.Qd2 h6 8.Be3 Ng4
9.Nxc6 bxc6 10.Bf4 e5 11.Bg3 Be7 12.h3 Nf6 13.Be2 O-O 14.O-O a5 15.f4 Qc7
16.Kh1 a4 17.Rf2 Rb8 18.Raf1 Rd8 19.fxe5 dxe5 20.Qe3 Rxb2 21.Bh4 Rd6 22.Qg3
Rxc2 23.Qxe5 Rd7 24.Bxf6 Bxf6 25.Qe8+ Kh7 26.Rxf6 gxf6 27.Rxf6 Kg7 28.e5 Re7
29.Rxc6 Rxe8 30.Rxc7 Rxe5 31.Bb5 Bxh3 32.Bxa4 Rxg2 {#R} 0-1

[Event "Ch Slovakia (team) 2006/07 (2 liga) (d)"]
[Site "masterchessopen.com Slovakia"]
[Date "2006.11.26"]
[Round "4"]
[White "Cech Dominik (SVK)"]
[Black "Bednar Milan (SVK)"]
[Result "0-1"]
[WhiteElo "2093"]
[BlackElo "2220"]

1.e4 c5 2.Nf3 Nc6 3.d4 cxd4 4.Nxd4 Nf6 5.Nc3 d6 6.Bg5 e6 7.Qd2 h6 8.Bxf6 gxf6
9.O-O-O a6 10.Be2 h5 11.Kb1 Qc7 12.Rhe1 Bd7 13.f4 O-O-O 14.Bf3 h4 15.Qf2 Kb8
16.Rd3 Nb4 17.Rd2 Be7 18.a3 Nc6 19.Nb3 Na5 20.Nxa5 Qxa5 21.Qd4 Rc8 22.Rd3 Qc5
23.Qxc5 Rxc5 24.e5 d5 25.Na4 Bxa4 {#R} 0-1